[Event "Nagoya Open"]
[Site "Nagoya"]
[Date "2004.08.01"]
[Round "4"]
[White "S.Otake"]
[Black "Y.Ozaki"]
[Result "1-0"]
[WhiteElo "1694"]
[BlackElo "1817"]
1.e4 c5 2.Nf3 e6 3.d4 cxd4 4.Nxd4 a6 5.Nc3 Qc7 6.Bd3 Nc6 7.Nxc6 bxc6 8.0-0 Nf6 9.f4 d6 10.f5 h5 11.Qe2 Be7 12.Bc4
e5 13.Bb3 a5 14.h3 h4 15.Be3 Nh5 16.Rf3 Bf6 17.Ba4 0-0 18.Qc4 c5 19.Nd5 Qd8 20.Rd1 Rb8 21.b3 Ng3 22.Rxg3 hxg3 23.Qe2 Bg5 24.Rf1 Bxe3+ 25.Qxe3 f6 26.Rf3 Bb7 27.c4 Bxd5 28.exd5 Qb6 29.Bd7 Rb7 30.Be6+ Rff7 31.Rxg3 Kf8 32.Qf3 Qb4 33.Qh5 Qe1+ 34.Kh2 Qb4 35.Qh8+ 1-0

[Event "Nagoya Open"]
[Site "Nagoya"]
[Date "2004.08.01"]
[Round "4"]
[White "Y.Yokomizo"]
[Black "Y.Irie"]
[Result "1-0"]
[WhiteElo "1812"]
[BlackElo "1306"]
1.e4 e6 2.Qe2 c5 3.f4 Nc6 4.Nf3 d6 5.c3 Nge7 6.g3 b6 7.d3 Bb7 8.Bg2 d5 9.0-0 d4 10.c4 g6 11.Nh4 Qd7 12.e5 Nf5 13.Nxf5 gxf5 14.Nd2 Be7 15.Nf3 h5 16.h4 0-0-0 17.Bd2 Rdg8 18.Be1 f6 19.exf6 Bxf6 20.a3 Qd6 21.b4 e5 22.b5 Ne7 23.fxe5 Bxf3 24.Qxf3 Bxe5 25.Qb7+ Kd8 26.Qxa7 Bxg3 27.Bxg3 Rxg3 28.Qa8+ Nc8 29.Rxf5 Qe6 30.Raf1 Rhg8 31.Rf8+ Rxf8 32.Rxf8+ Ke7 33.Rxc8 Qe1+ 34.Kh2 Rxg2+ 35.Qxg2 Qxh4+ 36.Qh3 Qf2+ 37.Kh1 Qe1+ 38.Kg2 Qe2+ 39.Kg3 Qe3+ 40.Kh4 Qf4+ 41.Kxh5 Qf7+ 42.Kh4 Qf4+ 43.Qg4 Qf2+ 44.Kh5 Qf7+ 45.Kh6 Qf6+ 46.Kh7 1-0

[Event "Nagoya Open"]
[Site "Nagoya"]
[Date "2004.08.01"]
[Round "4"]
[White "R.Takahashi"]
[Black "K.Iwata"]
[Result "1-0"]
[WhiteElo "1884"]
[BlackElo "1729"]
1.Nf3 Nf6 2.d3 g6 3.g3 Bg7 4.Bg2 0-0 5.0-0 c6 6.e4 d6 7.h3 e5 8.Nc3 Nbd7 9.Nh2 Nb6 10.f4 exf4 11.gxf4 Bd7 12.Ne2 Ne8 13.f5 Qc8 14.Ng4 gxf5 15.Nh6+ Kh8 16.Nxf5 Bxf5 17.Rxf5 Qe6 18.Nf4 Qe7 19.Nh5 Nd7 20.Kh1 Rg8 21.Bg5 f6 22.Bd2 Nc7 23.Qe1 Raf8 24.Qh4 Ne8 25.Nf4 Qf7 26.Bf3 Ne5 27.Bh5 Qd7 28.Ng6+ Nxg6 29.Bxg6 Bh6 30.Qxh6 d5 31.Rh5 Rxg6 32.Qxg6 Rg8 33.Qf5 Qg7 34.Qf2 Qf7 35.Rf5 dxe4 36.Bc3 Rg6 37.dxe4 Qc4 38.Re1 Qf7 39.Qxa7 Nd6 40.Qb8+ Rg8 1-0

[Event "Nagoya Open"]
[Site "Nagoya"]
[Date "2004.08.01"]
[Round "4"]
[White "R.Phil"]
[Black "A.Kida"]
[Result "1-0"]
[WhiteElo "1444"]
[BlackElo "1318"]
1.e4 c5 2.d4 cxd4 3.c3 dxc3 4.Nxc3 e6 5.Nf3 Bb4 6.Bc4 Ne7 7.0-0 Bxc3 8.bxc3 d5 9.exd5 Nxd5 10.Bg5 f6 11.Bd2 0-0 12.Qe2 Nc6 13.Bb3 Nce7 14.Rfd1 Qc7 15.Nd4 Qd7 16.c4 Nc7 17.Bb4 Qe8 18.Nb5 Nxb5 19.cxb5 Qf7 20.Rac1 Kh8 21.Rc7 Re8 22.Bxe7 Rg8 23.Bd8 Qg6 24.Bc2 f5 25.Bh4 b6 26.Rd8 Rb8 27.Rxg8+ Kxg8 28.Qc4 Bb7 29.Bg3 h5 30.Rxb7 Re8 31.Be5 Qh6 32.Rxg7+ Kf8 33.Qb4+ 1-0

[Event "Nagoya Open"]
[Site "Nagoya"]
[Date "2004.08.01"]
[Round "4"]
[White "K.Morimoto"]
[Black "K.Sakamoto"]
[Result "1-0"]
[WhiteElo "1295"]
[BlackElo "1375"]
1.d4 Nf6 2.Nc3 g6 3.Bd2 Bg7 4.Qc1 0-0 5.Bh6 d6 6.Bxg7 Kxg7 7.e4 Nbd7 8.Nf3 e5 9.d5 Nc5 10.Nd2 a5 11.a3 Bd7 12.b4 axb4 13.axb4 Na6 14.Bxa6 bxa6 15.0-0 Nh5 16.Nf3 f5 17.exf5 Rxf5 18.Re1 Rf7 19.Ne4 Bb5 20.Nfg5 Nf4 21.g3 Nh3+ 1-0

[Event "Nagoya Open"]
[Site "Nagoya"]
[Date "2004.08.01"]
[Round "4"]
[White "K.Ohashi"]
[Black "M.Itabashi"]
[Result "0-1"]
[WhiteElo "1074"]
[BlackElo "1028"]
1.d4 d5 2.c4 e6 3.Nc3 Nf6 4.e3 Nc6 5.Nf3 Be7 6.Be2 0-0 7.0-0 Bb4 8.Na4 Na5 9.c5 Nc6 10.a3 Ba5 11.b4 Bxb4 12.axb4 Nxb4 13.Ba3 Nc6 14.Bb5 Bd7 15.Bxc6 Bxc6 16.Nb6 axb6 17.cxb6 Re8 18.bxc7 Qxc7 19.Bb4 Rxa1 20.Qxa1 b6 21.Rc1 Qb7 22.Ne5 Bd7 23.Bd6 Rc8 24.Rb1 Ne4 25.Bb4 f6 26.Nxd7 Qxd7 27.f3 Nd6 28.Bxd6 Qxd6 29.Qa6 Rb8 30.Qa7 b5 31.e4 b4 32.exd5 exd5 33.Rc1 Qb6 34.Qxb6 Rxb6 35.Rc8+ Kf7 36.Rc1 b3 37.Rb1 b2 38.Kf2 Ke6 39.Ke2 Rb3 40.Kd2 Kf5 41.Kc2 Rb8 42.Rxb2 Rxb2+ 43.Kxb2 Kf4 44.Kc3 Ke3 45.Kc2 Kxd4 46.Kd2 g5 47.g4 h6 48.h3 Ke5 49.Ke3 d4+ 50.Kd3 Kf4 51.Kxd4 Kxf3 52.Kd5 Kg3 53.Ke6 Kxh3 54.Kf5 Kg3 55.Kxf6 Kxg4 0-1

[Event "Nagoya Open"]
[Site "Nagoya"]
[Date "2004.08.01"]
[Round "5"]
[White "K.Nakagori"]
[Black "A.Koike"]
[Result "1-0"]
[WhiteElo "2091"]
[BlackElo "1917"]
1.e4 c5 2.Nc3 Nc6 3.g3 g6 4.Bg2 Bg7 5.d3 d6 6.Be3 e5 7.Qd2 Rb8 8.Nh3 Nd4 9.Ng5 h6 10.Nf3 Bh3 11.0-0 Nxf3+ 12.Bxf3 Bxf1 13.Rxf1 Ne7 14.Bg2 b5 15.Nd1 b4 16.Kh1 h5 17.f4 0-0 18.f5 f6 19.fxg6 Nxg6 20.Qe2 h4 21.Qg4 Kf7 22.gxh4 Rh8 23.h5 Nf8 24.Bh3 Rb7 25.Nf2 Ke8 26.h6 Rg8 27.Qh5+ Rf7 28.hxg7 Rxg7 29.Ng4 Rh7 30.Nh6 Qe7 31.Bf5 1-0

[Event "Nagoya Open"]
[Site "Nagoya"]
[Date "2004.08.01"]
[Round "5"]
[White "M.Baba"]
[Black "S.Otake"]
[Result "1-0"]
[WhiteElo "2011"]
[BlackElo "1694"]
1.e4 c5 2.Nf3 Nc6 3.Bb5 Nd4 4.Nxd4 cxd4 5.0-0 e5 6.d3 Nf6 7.Ba4 a6 8.f4 Bd6 9.Qe1 0-0 10.f5 b5 11.Bb3 Bb7 12.Rf3 Kh8 13.Qh4 Nxe4 14.f6 Nxf6 15.Rh3 Qb6 16.Nd2 h6 17.Ne4 Bxe4 18.Bxh6 Bf5 19.Bxg7+ Kxg7 20.Qh6+ 1-0

[Event "Nagoya Open"]
[Site "Nagoya"]
[Date "2004.08.01"]
[Round "5"]
[White "K.Kawashima"]
[Black "S.Bibby"]
[Result "0-1"]
[WhiteElo "1802"]
[BlackElo "2245"]
1.d4 d6 2.e4 g6 3.Nc3 Bg7 4.Be3 c6 5.Bd3 Nd7 6.Nge2 b5 7.0-0 b4 8.Nb1 Ngf6 9.h3 e5 10.c3 a5 11.Nd2 0-0 12.Nc4 Qc7 13.Qc2 Re8 14.dxe5 Nxe5 15.Nxe5 dxe5 16.Rad1 Be6 17.f4 exf4 18.Nxf4 bxc3 19.bxc3 c5 20.c4 Qe5 21.Kh1 Nh5 22.Qf2 Nxf4 23.Bxf4 Qb2 24.Qxb2 Bxb2 25.Bd6 a4 26.e5 a3 27.Rf4 Bd4 28.Be4 Bxc4 29.Bxa8 Rxa8 30.Rfxd4 cxd4 31.Rxd4 Bxa2 32.Rd3 Bb3 0-1

[Event "Nagoya Open"]
[Site "Nagoya"]
[Date "2004.08.01"]
[Round "5"]
[White "Y.Yokomizo"]
[Black "R.Takahashi"]
[Result "0-1"]
[WhiteElo "1812"]
[BlackElo "1884"]
1.e4 e5 2.Nc3 Nf6 3.Nf3 Bb4 4.Nxe5 0-0 5.Bd3 Re8 6.f4 d5 7.0-0 Nxe4 8.Nxe4 dxe4 9.Bc4 Rxe5 10.Bxf7+ Kxf7 11.fxe5+ Kg8 12.Qh5 Be6 13.d3 exd3 14.Bg5 Be7 15.Bxe7 Qxe7 16.cxd3 Nc6 17.Kh1 Rd8 18.Qe2 Qg5 19.Rfe1 Nd4 20.Qf2 Bd5 21.Rf1 Ne6 22.h4 Qg4 23.Rac1 Nf4 24.Kh2 c6 25.Rc2 Nxd3 26.Qg3 Qxg3+ 27.Kxg3 Nxe5 28.b3 Rd6 29.Re1 Rg6+ 30.Kf4 Nd3+ 31.Kf5 Nxe1 32.Re2 Rf6+ 33.Kg4 Nxg2 34.Re8+ Kf7 35.Rh8 Ne3+ 36.Kg3 Rf3+ 37.Kh2 Rf2+ 38.Kg3 Rf3+ 39.Kh2 Kg6 40.h5+ Kg5 41.Rxh7 Kh4 42.Rxg7 Rf2+ 43.Kg1 Rf1+ 0-1

[Event "Nagoya Open"]
[Site "Nagoya"]
[Date "2004.08.01"]
[Round "5"]
[White "D.Morimoto"]
[Black "G.Gonda"]
[Result "0-1"]
[WhiteElo "1468"]
[BlackElo "2047"]
1.e4 c5 2.Nc3 Nc6 3.g3 g6 4.Bg2 Bg7 5.d3 d6 6.Be3 Rb8 7.Rb1 b5 8.Qd2 b4 9.Nce2 Qa5 10.Nc1 e6 11.Nge2 Nd4 12.0-0 Qb6 13.c3 bxc3 14.Nxc3 Ne7 15.N3e2 0-0 16.Nxd4 cxd4 17.Bh6 Bxh6 18.Qxh6 f6 19.Qd2 e5 20.Nb3 Be6 21.Rfc1 Rfc8 22.f4 Kg7 23.fxe5 dxe5 24.Rxc8 Rxc8 25.Rc1 Bxb3 26.axb3 Qxb3 27.Rxc8 Nxc8 28.Qa5 Qb6 29.Qd5 Qc7 30.Bh3 Nb6 31.Qa5 Qe7 32.b4 Qc7 33.Qc5 Qxc5 34.bxc5 Na8 35.Kf2 Kf7 36.Ke2 Ke7 37.Bc8 Kd8 38.Be6 Nc7 39.Bg8 h6 40.Bc4 Kd7 41.Bf7 g5 42.Bc4 Ne6 43.c6+ Kd6 44.Bb5 Nd8 0-1

[Event "Nagoya Open"]
[Site "Nagoya"]
[Date "2004.08.01"]
[Round "5"]
[White "K.Sasaki"]
[Black "M.Matsumoto"]
[Result "1-0"]
[WhiteElo "2027"]
[BlackElo "1445"]
1.e4 e6 2.d4 d5 3.e5 c5 4.c3 Nc6 5.Nf3 Qb6 6.Bd3 cxd4 7.cxd4 Bb4+ 8.Nc3 Bd7 9.Be3 Qc7 10.Rc1 a6 11.0-0 b5 12.Ng5 f5 13.Nxd5 exd5 14.e6 Bxe6 15.Nxe6 Qb7 16.Nxg7+ Qxg7 17.Rxc6 Ne7 18.Rb6 0-0 19.f4 Ng6 20.Qb3 Be7 21.Qxd5+ Kh8 22.Bxf5 Nh4 23.Be6 Rad8 24.Qe4 Bf6 25.Rb7 Qg6 26.f5 Qe8 27.d5 Nxf5 28.Rxf5 Bxb2 29.Rxf8+ Qxf8 30.Qxh7 1-0

[Event "Nagoya Open"]
[Site "Nagoya"]
[Date "2004.08.01"]
[Round "5"]
[White "R.Phil"]
[Black "K.Noguchi"]
[Result "0-1"]
[WhiteElo "1444"]
[BlackElo "1883"]
1.e4 g6 d4 Bg7 3.Nf3 d6 4.h3 Nf6 5.Nc3 0-0 6.Be3 a6 7.Be2 b5 8.a3 Bb7 9.e5 Nfd7 10.exd6 cxd6 11.0-0 Nb6 12.b3 Nc6 13.Qd2 Rc8 14.Rad1 Qc7 15.Bh6 Nd8 16.Bxg7 Kxg7 17.Nb1 Qxc2 18.Qxc2 Rxc2 19.Bd3 Rb2 20.Nfd2 Ne6 21.Rfe1 Nd5 22.Be4 Re8 23.b4 Ng5 24.Bxd5 Bxd5 25.Rc1 Ne6 26.Ne4 Rf8 27.Nec3 Bxg2 28.Kxg2 Nf4+ 29.Kg3 Nd3 30.Rcd1 Nxe1 31.Rxe1 e6 32.Ne4 h5 33.Rc1 Rb3+ 34.Kg2 Rd3 35.Nxd6 Rd8 36.Rc6 Rxd4 37.Nb7 R8d5 38.Rc3 Rd1 39.Rc6 Rxb1 40.Rxa6 Rg5+ 41.Kf3 Rb3+ 42.Ke2 Rxh3 43.Nd6 Re5+ 44.Kf1 Rd3 45.Ne8+ Kh6 46.Ra7 h4 47.Nf6 Kg5 48.Rxf7 h3 49.f4+ Kxf4 50.Nd7+ Rf5 51.Rh7 Kg3+ 52.Ke1 h2 53.Nc5 Rxa3 54.Rh6 h1=Q+ 55.Rxh1 Ra1+ 56.Ke2 Re5+ 57.Kd3 Rxh1 58.Ne4+ Rxe4 59.Kxe4 Rh4+ 0-1

[Event "Nagoya Open"]
[Site "Nagoya"]
[Date "2004.08.01"]
[Round "5"]
[White "Y.Irie"]
[Black "Y.Ozaki"]
[Result "1-0"]
[WhiteElo "1306"]
[BlackElo "1817"]
1.d4 Nf6 2.c4 e5 3.dxe5 Ng4 4.e6 fxe6 5.Nf3 Bb4+ 6.Bd2 Qe7 7.h3 Nf6 8.Nc3 Nc6 9.e3 0-0 10.Bd3 a6 11.a3 Bd6 12.Qc2 Ne5 13.Nxe5 Bxe5 14.f4 Bd6 15.0-0 h6 16.Ne4 Nxe4 17.Bxe4 Rb8 18.Rac1 b6 19.Bc3 Bb7 20.Bxb7 Rxb7 21.Qe4 Rbb8 22.Rf3 b5 23.Rg3 Rf7 24.Qg6 bxc4 25.Qxh6 Rb5 26.Qg6 e5 27.fxe5 Bxe5 28.Bxe5 Rxe5 29.Rxc4 c6 30.Qd3 Ref5 31.Re4 Qf8 32.Qxa6 Qd6 33.Reg4 Qf8 34.Qc4 d5 35.Qxc6 Rf1+ 36.Kh2 R7f5 37.Qg6 Rf6 38.Qxg7+ Qxg7 39.Rxg7+ Kf8 40.Rb7 Rf7 41.Rxf7+ Kxf7 42.Rg4 Ke6 43.b4 Re1 44.b5 Rxe3 45.Rb4 Rxa3 46.b6 Ra8 47.b7 Rb8 48.g4 Ke5 49.Kg3 1-0

[Event "Nagoya Open"]
[Site "Nagoya"]
[Date "2004.08.01"]
[Round "5"]
[White "K.Iwata"]
[Black "K.Morimoto"]
[Result "1-0"]
[WhiteElo "1729"]
[BlackElo "1295"]
1.e4 c5 2.Nf3 e6 3.d4 cxd4 4.Nxd4 Nc6 5.Nc3 Bb4 6.Nb5 a6 7.Nd6+ Bxd6 8.Qxd6 Qe7 9.Qg3 Qf6 10.Bd3 Ne5 11.0-0 Nxd3 12.cxd3 Ne7 13.f4 Qg6 14.Qh3 f5 15.Rf3 Qf7 16.exf5 Nxf5 17.Ne4 d5 18.Ng5 Qg6 19.Rf2 Bd7 20.Bd2 0-0-0 21.Nf3 Bc6 22.Ne5 Qe8 23.Ba5 Rd6 24.Rc1 Ne7 25.Bb4 Rd8 26.Qxe6+ Kb8 27.Qxe7 Qxe7 28.Bxe7 Rc8 29.Rfc2 Rhe8 30.Nxc6+ Rxc6 31.Rxc6 bxc6 32.Bd6+ Kb7 33.d4 Re2 34.Rb1 g6 35.a4 Rd2 36.Bc5 Rd3 37.b4 Kc7 38.Re1 1-0

[Event "Nagoya Open"]
[Site "Nagoya"]
[Date "2004.08.01"]
[Round "5"]
[White "M.Itabashi"]
[Black "K.Sakamoto"]
[Result "1-0"]
[WhiteElo "1028"]
[BlackElo "1375"]
1.e4 d6 2.d4 Nf6 3.Nc3 g6 4.Be3 Bg7 5.Be2 0-0 6.Bf3 Nbd7 7.Nge2 e5 8.0-0 Qe7 9.Qd2 Re8 10.Rfe1 Ndf8 11.Rad1 Bg4 12.Bxg4 Nxg4 13.h3 Nxe3 14.Qxe3 exd4 15.Nxd4 Nd7 16.Nd5 Qd8 17.c3 Nc5 18.Qf3 c6 19.Nf4 Qc7 20.Nd3 Nd7 21.Nb3 Ne5 22.Nxe5 dxe5 23.Rd3 Rad8 24.Red1 Rxd3 25.Qxd3 Bf6 26.Qd7 Qb6 27.Qxe8+ 1-0

[Event "Nagoya Open"]
[Site "Nagoya"]
[Date "2004.08.01"]
[Round "5"]
[White "K.Ohashi"]
[Black "A.Matsuo"]
[Result "1/2-1/2"]
[WhiteElo "1074"]
[BlackElo "1182"]
1.Nf3 c5 2.g3 d6 3.Bg2 Nf6 4.0-0 g6 5.d3 Bg7 6.e4 0-0 7.Nc3 Nc6 8.Nh4 Bd7 9.h3 Qa5 10.a4 Qc7 11.f4 a5 12.g4 Qb6 13.Kh1 Nb4 14.f5 Bc6 15.g5 Nh5 16.Kh2 Qc7 17.Kg1 d5 18.Be3 d4 19.Nd5 Nxd5 20.exd5 Bxd5 21.Bxd5 Qg3+ 22.Ng2 dxe3 23.Qg4 Rad8 24.Rf3 Qxg4 25.hxg4 Ng3 26.Bxf7+ Rxf7 27.Rxg3 Bd4 28.c3 Bg7 29.fxg6 hxg6 30.Rxe3 Rd5 31.Rf1 Rxf1+ 32.Kxf1 Rxg5 33.Rxe7 Rxg4 34.Rxb7 Rxa4 35.Rb8+ Kh7 36.Ke2 Ra2 37.Kf3 Ra1 38.Ke4 Rg1 39.Nf4 Re1+ 40.Kd5 Re5+ 41.Kc6 Rf5 42.Ne6 Rf6 43.Kd5 Rf5+ 44.Kc6 Rf6 45.Re8 g5 46.Kxc5 g4 47.Ng5+ Kg6 48.Ne4 Rf5+ 49.Kc4 Rf3 50.Re6+ Kf5 51.Re7 Be5 52.Rf7+ 1/2-1/2